The Songwriter's Workshop: Harmony.

שמור ב:
מידע ביבליוגרפי
מחבר ראשי: Kachulis, Jimmy (Author)
מחברים אחרים: Feist, Jonathan (Editor)
פורמט: ספר
יצא לאור: Boston, Massachusetts, United States: Berklee Press, 2005.
סדרה:Songwriting.
נושאים:
תגים: הוספת תג
אין תגיות, היה/י הראשונ/ה לתייג את הרשומה!

MARC

LEADER 00000nam a22000007a 4500
003 CL-VaPUC
005 20250407202459.0
008 250321t2005 ||||| |||| 00| 0 eng d
999 |c 447575  |d 447573 
020 |a 978-0-634-02661-4 
040 |c Pontificia Universidad Católica de Valparaíso 
082 |a 781.25 KAC 2005 
100 |9 897376  |a Kachulis, Jimmy  |e author 
245 |a The Songwriter's Workshop:  |b Harmony. 
260 |a Boston, Massachusetts, United States:  |b Berklee Press,  |c 2005. 
300 |a xviii, 205 páginas:  |b partituras. 
490 |a Songwriting. 
500 |a c.1. Instituto Arcos.08-01-2025. 
583 |c 20250321  |k Gabriela Rodríguez Cuevas 
650 0 |9 306660  |a Composición musical  |v Ejercicios prácticos 
650 0 |9 306659  |a Canciones  |x Armonía  
700 |9 897378  |a Feist, Jonathan  |e editor 
942 |2 ddc  |c BK  |n 0 
952 |0 0  |1 0  |2 ddc  |4 0  |6 781_250000000000000_KAC_2005  |7 0  |8 A  |9 601736  |a BIBINC  |b BIBINC  |d 2025-03-21  |e Instituto Arcos  |i 5666563  |o 781.25 KAC 2005  |p 5666563  |r 2025-03-21  |t 1  |w 2025-03-21  |y BK  |k IFP